000 00253nam a2200097Ia 4500
001 991193
005 20251230105702.0
008 250824s9999 xx 000 0 und d
245 0 _aSHERLOCK HOLMES - BÖCEK AVCISI
_cSİR ARTHUR CONAN DOYLE
260 _bdokuz
999 _c991193
_d991193